[Event "Itajai JASC Cup 54th"]
[Site "Itajai"]
[Date "2014.11.16"]
[Round "1.1"]
[White "Molina, Roberto Junio Brito"]
[Black "Jorge, Decio Jr"]
[Result "1-0"]
[WhiteElo "2417"]
[BlackElo "2226"]
[PlyCount "72"]
[EventDate "2014.11.16"]
[EventType "team-swiss"]
[EventRounds "7"]
[EventCountry "BRA"]
[SourceTitle "EXT 2016"]
[Source "ChessBase"]
[SourceDate "2015.10.08"]
[SourceVersion "1"]
[SourceVersionDate "2015.10.08"]
[SourceQuality "1"]
[WhiteTeam "Itajai"]
[BlackTeam "Maravilha"]
[WhiteTeamCountry "BRA"]
[BlackTeamCountry "BRA"]

1. d4 e6 2. c4 f5 3. g3 Nf6 4. Bg2 Be7 5. Nf3 0-0 6. 0-0 d5 7. Nbd2 Qe8 8. Qc2 c6 9. Ne5 Nbd7 10. cxd5 exd5 11. Nd3 Bd6 12. Nf3 Ne4 13. Bf4 Qe7 14. Bxd6 Nxd6 15. e3 Nf6 16. Nfe5 Be6 17. Nc5 Rab8 18. b3 Nf7 19. Ned3 Nd7 20. a4 Ng5 21. b4 Rf6 22. b5 Nxc5 23. Qxc5 Qxc5 24. Nxc5 Ne4 25. Rfc1 Bc8 26. Rab1 cxb5 27. axb5 b6 28. Nd3 a6 29. Nb4 Be6 30. bxa6 Bf7 31. Nc6 Ra8 32. Rxb6 Be8 33. Bf1 Kf8 34. Rb8 Rxc6 35. Rxe8+ Kxe8 36. Rxc6 Kd8 1-0

[Event "Mogi das Cruzes op 08"]
[Site "Mogi das Cruzes"]
[Date "2012.09.01"]
[Round "3"]
[White "Jorge, Decio Jr"]
[Black "Vicentin, Marcos Tadeu"]
[Result "1/2-1/2"]
[WhiteElo "1800"]
[BlackElo "1847"]
[PlyCount "90"]
[EventDate "2012.08.31"]
[EventType "swiss"]
[EventRounds "6"]
[EventCountry "BRA"]
[SourceTitle "CBM 150 Extra"]
[Source "ChessBase"]
[SourceDate "2012.10.19"]
[SourceVersion "1"]
[SourceVersionDate "2012.10.19"]
[SourceQuality "1"]

1. e4 d5 2. exd5 Nf6 3. c4 c6 4. dxc6 Nxc6 5. Nf3 e5 6. d3 e4 7. Qe2 Bb4+ 8. Nc3 0-0 9. dxe4 Bg4 10. Bd2 Nd4 11. Qd3 Nxf3+ 12. gxf3 Qxd3 13. Bxd3 Bxf3 14. Rg1 Rfe8 15. Rg3 Bxe4 16. 0-0-0 Bd6 17. Rh3 Rac8 18. Nb5 Bc5 19. b4 a6 20. Bxe4 Nxe4 21. bxc5 axb5 22. Be3 bxc4 23. Rd7 Nxc5 24. Bxc5 Rxc5 25. Rf3 Rf8 26. Rxb7 g5 27. a4 Kg7 28. Rb5 Rxb5 29. axb5 Kg6 30. Ra3 Rb8 31. Ra5 h5 32. Kc2 g4 33. Kc3 f5 34. Kxc4 h4 35. Ra6+ Kg5 36. Kc5 Rc8+ 37. Rc6 Re8 38. b6 Kf4 39. b7 Rb8 40. Kb6 Kf3 41. Rc2 f4 42. Kc7 Rxb7+ 43. Kxb7 g3 44. fxg3 fxg3 45. hxg3 hxg3 1/2-1/2

[Event "Mogi das Cruzes op 08"]
[Site "Mogi das Cruzes"]
[Date "2012.08.31"]
[Round "1"]
[White "Jorge, Decio Jr"]
[Black "Hengles, Roberto Carlos"]
[Result "0-1"]
[WhiteElo "1800"]
[BlackElo "1899"]
[PlyCount "42"]
[EventDate "2012.08.31"]
[EventType "swiss"]
[EventRounds "6"]
[EventCountry "BRA"]
[SourceTitle "CBM 150 Extra"]
[Source "ChessBase"]
[SourceDate "2012.10.19"]
[SourceVersion "1"]
[SourceVersionDate "2012.10.19"]
[SourceQuality "1"]

1. e4 d5 2. exd5 Qxd5 3. Nc3 Qa5 4. Nf3 Nf6 5. d4 Bg4 6. Be2 Nc6 7. h3 Bh5 8. g4 Bg6 9. Bb5 0-0-0 10. Bxc6 bxc6 11. Bd2 e6 12. a3 c5 13. b4 cxb4 14. axb4 Qb6 15. Na4 Qb7 16. 0-0 Be4 17. Ra3 Bxf3 18. Rxf3 Rxd4 19. c3 Rxd2 20. Qxd2 Qxf3 21. Rd1 Bd6 0-1